MDQL
is popping MORE tags! Check the
thread
!
Quizzes
Events
Quiz Creation
Community
Videos
Private Events
Remove Ads
Sign In
Join for FREE
Feedback
Dark Mode
Quiz Categories
Sports
Geography
Music
Movies
Television
Just For Fun
Miscellaneous
History
Literature
Language
Science
Gaming
Entertainment
Religion
Holiday
For Kids
Quiz Lab
Recent
Popular Today
Quiz Kudos Today
Editor Picks
Curator Picks
Quizzes by...
Day
Popularity
Type
Ratings
Length
Year
Community
Subscriptions
Recent Discussions
Orange Saloon
Badges
Playlists
Quests
Create
Leaderboards
Showdown
Live 5
Trivia Bingo
Activity
Puzzle Library
Sporcle Events
Private Events
Virtual Trivia
Globe League
Become a Host
Pub Owners
SporcleCon
Opinionation
Our Games
Videos
Blog
Mobile Apps
Partnerships
Remove Ads and Go Orange
Feedback
History
US Presidents
World Leaders
Politics
Nation
Discovery
War
Decade
Year
Century
Biography
Art
History
US Presidents
World Leaders
Politics
Nation
Discovery
War
Decade
Year
Century
Biography
Art
Random Quiz
Search Sporcle
×
Quiz Lab
Quiz Lab
History
15 Seconds
Click on answers out of a set of options
Click on answers out of a set of options
Multiple Choice
Best Score? Go Orange.
3 historical events IV Stats
Can you choose the 3 historical events IV?
By
zonkeda
15s
3 Questions
207 Plays
207 Plays
207 Plays
Comments
Comments
Give Quiz Kudos
Give Quiz Kudos
-
- Ratings
hide this ad
Replay
Link that replays current quiz
Next Quiz
Link to next quiz in quiz playlist
You Got
0%
They Got
Avg Score
89%
Avg Friend Score
Upgrade to see
Score Distribution
Jump to the score distribution portion of the page
Score
0/3
Timer
00:15
0
Plays Today
Question
Answer
Wrong Answers
1914-1918
World War I
92.3%
100 years' war
4.8%
Wars of the Roses
2.4%
1337-1453
100 years' war
88.4%
Wars of the Roses
11.6%
World War I
0%
1455-1485
Wars of the Roses
87.9%
100 years' war
11.6%
World War I
0.5%
Quiz Playlist
Details
Report
Send in Message
Add To Playlist
Multiple Choice:
Click on answers out of a set of options
Last Updated: Feb 23, 2020
Quiz Scoreboard
CHALLENGE
Sign Up to Join the Scoreboard
Show All
Scores
Hide
Comments
May contain spoilers
Recently Published
Holiday 10x10 Sorting Gallery
by lukepisani3
Holiday
15m
Two Season TV Shows II
by 123Four
Television
10m
Image Sorting: Flags VI
by Barbecue
Geography
2m
More to Explore
Quiz From the Vault
Featured Blog Post
14 Easter Pick-up Lines to Find Eggs With
hide this ad
You Might Also Like...
Tags
15 Seconds
World History
Today's Top Quizzes in History
Browse History
hide this ad
Today's Top Quizzes in 15 Seconds
Browse 15 Seconds
Top Contributed Quizzes in History
1
I Am Born On March 29th
2
Order Up: 1000 Years of World Events I
3
US National Parks Named After People
4
Popular People in 1991
5
Popular People in 1951
6
Popular People in 1941
7
Popular People in 1981
8
Popular People in 1986
9
Popular People in 1976
10
Popular People in 1921
Explore More
Trending Topics
Disney
NBA
Marvel
Crossword
Kpop
Harry Potter
Anime
Song
NFL
The Office
Soccer
Puzzle
WWE
Country
Pokémon
hide this ad
More By:
zonkeda
Quiz
Plays
Rating
Category
Featured
Created
3 Norse Gods
28,872
4.20
Religion
Apr 11, 2020
3 Books by Stephen King
27,564
4.42
Literature
Feb 15, 2020
3 Books by Jane Austen
24,996
4.45
Literature
Feb 15, 2020
Chandler Bing Through the Seasons
22,733
4.47
Television
Dec 27, 2018
3 Books by Agatha Christie
18,301
4.51
Literature
Feb 18, 2020
Go to Creator's Profile
Score Distribution
Quiz Creator Spotlight
zonkeda
Follow
Send a Message
Quizzes Created
-
Created Quiz Play Count
-
More By This Creator
Popular Quizzes Today
1
Find the US States - No Outlines Minefield
2
Colored Red Africa Blitz
3
Find the 'City' Movie
4
The Countries of the World
5
5x2 Blitz: Bands
6
Find the Countries of Europe - No Outlines Minefield
7
Find the US States
8
US States
More History Quizzes
8 to 1: Relatives of Queen Elizabeth II
Curator's Pick
Trending Quizzes
Colored Red Europe Blitz I
Colored Red Africa Blitz II
Colored Red Europe Blitz II
Even More Two Season TV Shows
Colored Red Africa Blitz III
Recently Updated
Quick Pick: 20 Twenties
pecheneg
March Madness Men's Triple Doubles
pecheneg
How Do You Spell That?
pecheneg
Godzilla Movies
pecheneg
Grab Bag: 4-10 Letters
pecheneg
2024 March Madness Bracket
pecheneg
Famous TV Couples
Peacemaker
Champions League XIs: Real Madrid
pecheneg
Largest US Cities 1790-2010
pecheneg
Rides in Walt Disney World
pecheneg
Trending Topics
Crossword
Marvel
Anime
Disney
Kpop
NBA
Harry Potter
Pokémon
Song
The Office
NFL
WWE
Soccer
Puzzle
Country
Your Account Isn't Verified!
In order to create a playlist on Sporcle, you need to verify the email address you used during registration. Go to your
Sporcle Settings
to finish the process.
Report this User
Report this user for behavior that violates our
Community Guidelines
.
Details:
Send Report
Go to the Sporcle.com Mobile Site →
Comments